000 00482nam a2200169Ia 4500
003 GCL
008 140319s9999 xx 000 0 ara d
040 _aGCL /
_cGCL
082 0 4 _a227
_bع ن
100 1 _aعبدالمتعال الصعيدى
245 1 0 _aالنظم الفنى فى القرءان /
_cعبدالمتعال الصعيدى
260 _a[S.N] :
_bمكتبة الاداب ،
_c1992
300 _a392 ص
490 _a
650 0 4 _aالقران
942 _2ddc
_cBK
999 _c52953
_d52953